000 00897nam a2200253Ia 4500
999 _c39838
_d39838
001 6443
003 GE_BSU
005 20191015145227.0
008 181216s20 ||||geo|||||||||||||| ||geo||
020 _a9992843590.
040 _cGE_BSU
041 _ageo
080 _a821.353.1-1 ბ-52
100 _aბერიძე, იასონ
_94717
245 _aსიყვარულის ძალა :
_bლექსები /
_cიასონ ბერიძე ; რედ. ზურაბ ფირცხალაიშვილი.
260 _aთბილისი.
260 _bალიონი.
260 _c2003.
300 _a135 გვ. ;
_bფოტო ;
_c17 სმ.
653 _aსიყვარულის ძალა
653 _aლექსები
700 _a ფირცხალაიშვილი, ზურაბ
_94718
942 _cBK
_2udc